Artículos sobre la fama de santidad, vida y virtudes de la sierva de Dios, Isabel I, reina de Castilla / (Record no. 132166)

MARC details
000 -LEADER
campo de control de longitud fija 00762nam a2200181 i 4500
001 - NÚMERO DE CONTROL
campo de control 132166
003 - IDENTIFICADOR DE NÚMERO DE CONTROL
campo de control ES-MaACL
005 - FECHA Y HORA DE LA ÚLTIMA TRANSACCIÓN
campo de control 20230906194123.0
007 - CAMPO FIJO DE DESCRIPCIÓN FÍSICA--INFORMACIÓN GENERAL
campo de control de longitud fija t|
008 - DATOS DE LONGITUD FIJA--INFORMACIÓN GENERAL
campo de control de longitud fija 070214s1972 sp f |||| |dspa d
100 1# - ENTRADA PRINCIPAL--NOMBRE DE PERSONA
Nombre de persona Rodríguez Valencia, Vicente.
9 (RLIN) 98849
245 10 - MENCIÓN DEL TÍTULO
Título Artículos sobre la fama de santidad, vida y virtudes de la sierva de Dios, Isabel I, reina de Castilla /
Mención de responsabilidad, etc. que propone el postulador de la Causa, Dr. D. Vicente Rodríguez Valencia.
260 ## - PUBLICACIÓN, DISTRIBUCIÓN, ETC.
Lugar de publicación, distribución, etc. Valladolid :
Nombre del editor, distribuidor, etc. Instituto "Isabel la Católica" de Historia Eclesiástica,
Fecha de publicación, distribución, etc. 1972.
300 ## - DESCRIPCIÓN FÍSICA
Extensión 77 p., 1 lám. col. ;
Dimensiones 24 cm.
600 04 - PUNTO DE ACCESO ADICIONAL DE MATERIA--NOMBRE DE PERSONA
Nombre de persona Isabel
Numeración I,
Títulos y otros términos asociados al nombre Reina de Castilla.
9 (RLIN) 175419
710 2# - ENTRADA AGREGADA--NOMBRE DE ENTIDAD CORPORATIVA
Nombre de entidad corporativa o nombre de jurisdicción como elemento de entrada Instituto "Isabel la Católica" de Historia Eclesiástica.
9 (RLIN) 5102
852 ## - LOCALIZACIÓN
Ubicación ES-MaACL
Número de control de estantería C-48755
Holdings
Estatus retirado Estado de pérdida Estado de daño No para préstamo Biblioteca de origen Biblioteca actual Ubicación en estantería Fecha de adquisición Fuente de adquisición Total de préstamos Signatura topográfica completa Código de barras Visto por última vez Precio de reemplazo Tipo de ítem Koha
        Biblioteca del Ateneo de Madrid Biblioteca del Ateneo de Madrid Depósito 2 17/01/2008     C-48755 1137598 23/02/2023 23/02/2023 Libro impreso